[Event "British Championship"]
[Site "?"]
[Date "2009.08.06"]
[Round "10.1"]
[White "Conquest, Stuart"]
[Black "Howell, David"]
[Result "0-1"]
[WhiteElo "2572"]
[BlackElo "2614"]
[PlyCount "96"]
[EventDate "2009.??.??"]

1. e4 e5 2. Nf3 Nc6 3. Bc4 Nf6 4. Ng5 d5 5. exd5 Na5 6. Bb5+ c6 7. dxc6 bxc6 8.
Bd3 Nd5 9. Ne4 f5 10. Ng3 Qf6 11. Be2 h5 12. h4 g6 13. d3 Rb8 14. Bf3 Qd8 15.
Nc3 Be7 16. Qe2 Bf6 17. O-O O-O 18. Rd1 Re8 19. Qd2 Nxc3 20. bxc3 Bxh4 21. Re1
Re6 22. Ne2 Bf6 23. g3 Bd7 24. Bg2 Be8 25. Nd4 Rd6 26. Nb3 Bf7 27. Qe3 Nb7 28.
Ba3 Re6 29. Rab1 Bg5 30. Qxa7 Ra8 31. Qxb7 Rxa3 32. Nc5 Re7 33. Qxc6 Rxc3 34.
Qb5 Rxc2 35. Rb2 Rxb2 36. Qxb2 Bf6 37. Qb5 Ra7 38. a4 Ra5 39. Qc6 Ra7 40. Rb1
Kg7 41. Rb6 h4 42. gxh4 e4 43. h5 Bd4 44. Rb4 e3 45. fxe3 Bxe3+ 46. Kh1 Qe7 47.
h6+ Kh7 48. Bd5 Bxd5+ 0-1

[Event "British Championship"]
[Site "?"]
[Date "2009.08.06"]
[Round "10.2"]
[White "Wells, Peter K"]
[Black "Williams, Simon Kim"]
[Result "1/2-1/2"]
[WhiteElo "2498"]
[BlackElo "2527"]
[PlyCount "106"]
[EventDate "2009.??.??"]

1. d4 Nf6 2. Nf3 g6 3. c4 Bg7 4. Nc3 O-O 5. e4 d6 6. Be2 e5 7. Be3 Nbd7 8. O-O
Qe7 9. dxe5 dxe5 10. Nd5 Qd8 11. Qc2 Ng4 12. Bg5 f6 13. Bd2 c6 14. Ne3 f5 15.
Nxg4 fxg4 16. Ng5 Nf6 17. c5 Kh8 18. Bc4 Qe7 19. Qb3 a5 20. a4 Qxc5 21. Be3 Qe7
22. Nf7+ Rxf7 23. Bxf7 Nxe4 24. Rad1 Nd6 25. Qa3 Qxf7 26. Qxd6 Bf5 27. Qd8+ Qg8
28. Bg5 Rxd8 29. Rxd8 Bc2 30. Ra1 e4 31. Rxg8+ Kxg8 32. Bd2 b6 33. Bc3 Bh6 34.
Kf1 Bf4 35. g3 Bd3+ 36. Ke1 Bd6 37. Rc1 Kf7 38. Kd2 Ke6 39. Rh1 Bc5 40. Ke1 h5
41. h3 gxh3 42. Rxh3 Be7 43. g4 hxg4 44. Rh7 Bc5 45. Rh8 Kf5 46. Rd8 Be7 47.
Re8 Bh4 48. Bd4 c5 49. Rf8+ Ke6 50. Be3 g3 51. fxg3 Bxg3+ 52. Kd2 Bd6 53. Rg8
Kd5 1/2-1/2

[Event "British Championship"]
[Site "?"]
[Date "2009.08.06"]
[Round "10.3"]
[White "Hebden, Mark"]
[Black "Rendle, Thomas"]
[Result "1-0"]
[WhiteElo "2468"]
[BlackElo "2377"]
[PlyCount "123"]
[EventDate "2009.??.??"]

1. d4 f5 2. Nf3 Nf6 3. g3 g6 4. Bg2 Bg7 5. O-O O-O 6. c4 d6 7. Nc3 Nc6 8. d5
Na5 9. Qa4 c5 10. dxc6 Nxc6 11. Rd1 Qb6 12. Nd5 Nxd5 13. cxd5 Qb4 14. Qc2 Ne5
15. Qc7 Qb6 16. Qxb6 Nxf3+ 17. exf3 axb6 18. Rd3 f4 19. Rb3 g5 20. Rb4 Be5 21.
Bd2 Ra5 22. Bf1 Rc5 23. Rc1 Kg7 24. Bc4 fxg3 25. hxg3 Rxf3 26. Be2 Rf5 27. Bd3
Rf8 28. Bxg5 Rxd5 29. Bxe7 Re8 30. Bb5 Rxe7 31. Rxc8 Rd4 32. Rxd4 Bxd4 33. b4
d5 34. Kg2 Bb2 35. Rd8 d4 36. Bc4 Ba3 37. Rxd4 Bxb4 38. Bd3 Bc5 39. Rg4+ Kf8
40. Rh4 Kg8 41. f4 Rg7 42. Kf3 b5 43. g4 b4 44. g5 Be7 45. Rh6 Bd8 46. Kg4 Be7
47. Kh5 Bd8 48. Rd6 Be7 49. Rd5 b6 50. Rd7 Kf8 51. Bf5 Rf7 52. Kg4 h5+ 53. gxh6
Rf6 54. Rxe7 Kxe7 55. Kg5 Rf8 56. Bg6 Rh8 57. h7 Rf8 58. f5 b5 59. f6+ Ke6 60.
Bc2 Rh8 61. Bb3+ Ke5 62. Bg8 1-0

[Event "British Championship"]
[Site "?"]
[Date "2009.08.06"]
[Round "10.4"]
[White "Hawkins, Jonathan"]
[Black "Jones, Gawain C"]
[Result "0-1"]
[WhiteElo "2325"]
[BlackElo "2554"]
[PlyCount "74"]
[EventDate "2009.??.??"]

1. d4 Nf6 2. c4 c5 3. d5 b5 4. cxb5 a6 5. f3 e6 6. e4 c4 7. Bxc4 axb5 8. Bxb5
Bc5 9. Nc3 Bb7 10. Nh3 exd5 11. e5 Nh5 12. Nxd5 O-O 13. Ng5 Bxd5 14. Qd3 g6 15.
g4 Ng7 16. Qxd5 Qa5+ 17. Bd2 Qxb5 18. Ne4 Na6 19. O-O-O Ne6 20. Nd6 Nb4 21.
Nxb5 Nxd5 22. Bh6 Rfb8 23. Rxd5 Rxb5 24. Kb1 Rba5 25. Rc1 Bf8 26. Rxa5 Rxa5 27.
Bxf8 Kxf8 28. Re1 Ke7 29. Re3 g5 30. b4 Rb5 31. Re4 Nc5 32. Rd4 Ke6 33. Kc2
Kxe5 34. Rc4 Ne6 35. Re4+ Kd5 36. a4 Rb8 37. Kd3 Rc8 0-1

[Event "British Championship"]
[Site "?"]
[Date "2009.08.06"]
[Round "10.5"]
[White "Gordon, Stephen"]
[Black "Greet, Andrew"]
[Result "1/2-1/2"]
[WhiteElo "2537"]
[BlackElo "2443"]
[PlyCount "101"]
[EventDate "2009.??.??"]

1. d4 Nf6 2. c4 e6 3. Nf3 b6 4. g3 Ba6 5. Qc2 Bb4+ 6. Bd2 Be7 7. e4 d5 8. cxd5
Bxf1 9. Kxf1 exd5 10. e5 Ne4 11. Nc3 Nxc3 12. bxc3 c5 13. h4 Nc6 14. Kg2 Qd7
15. Bg5 Rc8 16. Bxe7 Nxe7 17. h5 h6 18. Rae1 O-O 19. Rh4 cxd4 20. Nxd4 Rc4 21.
Re3 Rfc8 22. Qd2 Nf5 23. Nxf5 Qxf5 24. Rxc4 dxc4 25. Qe2 Rc5 26. a4 Qd7 27. e6
fxe6 28. Rxe6 Qd5+ 29. f3 Kh7 30. g4 Qd3 31. Qe1 Rc8 32. Re7 Rf8 33. Qe4+ Qxe4
34. Rxe4 Rc8 35. Re7 a6 36. Rb7 Rc6 37. Kg3 Rd6 38. Kf4 b5 39. axb5 axb5 40.
Ke5 Rd3 41. f4 Rxc3 42. Rxb5 Rb3 43. Rc5 c3 44. Kf5 Ra3 45. g5 hxg5 46. fxg5
Rb3 47. Rc7 Rb5+ 48. Kf4 Rb4+ 49. Kg3 Rb5 50. Kf4 Rb4+ 51. Kg3 1/2-1/2

[Event "British Championship"]
[Site "?"]
[Date "2009.08.06"]
[Round "10.6"]
[White "Palliser, Richard"]
[Black "Summerscale, Aaron"]
[Result "1-0"]
[WhiteElo "2413"]
[BlackElo "2454"]
[PlyCount "57"]
[EventDate "2009.??.??"]

1. d4 d6 2. Nf3 Bg4 3. e4 Nf6 4. Nc3 e6 5. h3 Bh5 6. Qe2 a6 7. g4 Bg6 8. h4 h5
9. g5 Nfd7 10. Be3 b5 11. Nd2 c5 12. dxc5 Nxc5 13. a3 Nc6 14. Bg2 b4 15. Nd5 b3
16. Nf4 bxc2 17. Nxg6 fxg6 18. b4 Nd7 19. Rc1 Nce5 20. Rxc2 Qb8 21. Bh3 Kf7 22.
O-O Qb5 23. Qxb5 axb5 24. Rc7 Ke7 25. Rfc1 Ng4 26. Ba7 Kd8 27. f3 Nge5 28. Bxe6
Nc5 29. Bb6 1-0

[Event "British Championship"]
[Site "?"]
[Date "2009.08.06"]
[Round "10.7"]
[White "Littlewood, Paul E"]
[Black "Gormally, Daniel"]
[Result "0-1"]
[WhiteElo "2358"]
[BlackElo "2490"]
[PlyCount "112"]
[EventDate "2009.??.??"]

1. e4 c5 2. Nf3 d6 3. d4 cxd4 4. Nxd4 Nf6 5. Nc3 a6 6. Bg5 e6 7. f4 Be7 8. Qf3
Qc7 9. O-O-O Nbd7 10. g4 b5 11. Bxf6 Bxf6 12. g5 Bxd4 13. Rxd4 Rb8 14. a3 O-O
15. Be2 Rb6 16. Rhd1 Bb7 17. Qg3 Nc5 18. Kb1 Rc8 19. Rc1 Qb8 20. e5 d5 21. h4
a5 22. Bxb5 Bc6 23. a4 Nxa4 24. Bxa4 Rxb2+ 25. Ka1 Rb4 26. Qd3 Qb6 27. Rd1 Rb8
28. Bb3 a4 29. Rxb4 Qxb4 30. Na2 Qxf4 31. Qc3 axb3 32. cxb3 Be8 33. b4 Ra8 34.
Qd4 Qh2 35. Rd2 Qh1+ 36. Kb2 Bb5 37. Rd1 Qf3 38. Nc3 Bc4 39. Rd2 Rb8 40. b5 g6
41. b6 Ba6 42. Na4 Qf1 43. Rc2 Bd3 44. Rc1 Qe2+ 45. Ka3 Bc4 46. Nb2 Kg7 47.
Rxc4 dxc4 48. Nxc4 Ra8+ 49. Kb3 Qa2+ 50. Kc3 Qa1+ 51. Kd3 Qb1+ 52. Kc3 Ra4 53.
Qc5 Ra2 54. Qc6 Rc2+ 55. Kd4 Qa1+ 56. Kc5 Qxe5+ 0-1

[Event "British Championship"]
[Site "?"]
[Date "2009.08.06"]
[Round "10.8"]
[White "Rudd, Jack"]
[Black "Trent, Lawrence"]
[Result "1/2-1/2"]
[WhiteElo "2326"]
[BlackElo "2471"]
[PlyCount "114"]
[EventDate "2009.??.??"]

1. Nf3 Nf6 2. c4 e6 3. d4 d5 4. Nc3 Bb4 5. e3 O-O 6. Bd3 c5 7. O-O Nc6 8. a3
Bxc3 9. bxc3 dxc4 10. Bxc4 Qc7 11. Bb2 e5 12. Be2 Rd8 13. Qc2 Bg4 14. Rfd1 e4
15. Ne1 Bxe2 16. Qxe2 Na5 17. f3 cxd4 18. cxd4 Qc4 19. Qf2 Qd5 20. Bc3 Rac8 21.
Bxa5 Qxa5 22. Qd2 Qxd2 23. Rxd2 Rc3 24. Kf2 b5 25. Rb2 Rb8 26. Rab1 Rxa3 27.
Rxb5 Ra2+ 28. Kg3 Rxb5 29. Rxb5 g6 30. Kf4 Re2 31. Rb1 Nd5+ 32. Kxe4 Nc3+ 33.
Kd3 Rxe3+ 34. Kxe3 Nxb1 35. Nd3 Nc3 36. Nc5 Kf8 37. Kd3 Nd5 38. Ke4 Nc3+ 39.
Kd3 Nd5 40. Ke4 Nb6 41. d5 a5 42. d6 Ke8 43. Kd4 a4 44. Kc3 h5 45. Kb4 a3 46.
Kxa3 Nc4+ 47. Kb4 Nxd6 48. Kc3 Nf5 49. g3 h4 50. Ne4 Ke7 51. Kd3 f6 52. Ke2 g5
53. Kf2 Ke6 54. Nc5+ Kd6 55. Ne4+ Ke5 56. Nc5 Nd4 57. f4+ Kf5 1/2-1/2

[Event "British Championship"]
[Site "?"]
[Date "2009.08.06"]
[Round "10.9"]
[White "Zhou, Yang-Fan"]
[Black "Buckley, Graeme"]
[Result "1/2-1/2"]
[WhiteElo "2265"]
[BlackElo "2398"]
[PlyCount "105"]
[EventDate "2009.??.??"]

1. e4 e6 2. d4 d5 3. exd5 exd5 4. Nf3 Nc6 5. Bb5 Bd6 6. O-O Nge7 7. c4 dxc4 8.
Bxc4 O-O 9. h3 Nf5 10. Be3 Nh4 11. Ng5 h6 12. Nxf7 Rxf7 13. Qh5 g6 14. Qxh6 Bf8
15. Qf4 Bf5 16. Nd2 Be7 17. Ne4 b5 18. Bxf7+ Kxf7 19. Ng5+ Bxg5 20. Qxg5 Nxd4
21. Qh6 Ne6 22. Rad1 Qh8 23. Rd7+ Kg8 24. Re1 a5 25. Kf1 Re8 26. Qxh8+ Kxh8 27.
Bg5 Nxg2 28. Kxg2 Nf4+ 29. Bxf4 Bxd7 30. Rd1 Re7 31. Kg3 c6 32. Bd6 Rf7 33.
Be5+ Kg8 34. f4 Kf8 35. Rd6 Rh7 36. h4 Be8 37. Rd8 Ke7 38. Ra8 a4 39. b4 axb3
40. axb3 Bd7 41. b4 Ke6 42. Rg8 Kf7 43. Rd8 Ke7 44. Rg8 Bf5 45. Rg7+ Rxg7 46.
Bxg7 c5 47. bxc5 Ke6 48. Kf3 Kd5 49. Ke3 Kxc5 50. Kd2 Kc4 51. Kc1 Kd3 52. Kb2
Ke4 53. Bh6 1/2-1/2

[Event "British Championship"]
[Site "?"]
[Date "2009.08.06"]
[Round "10.10"]
[White "Lane, Gary William"]
[Black "Fitzsimons, David"]
[Result "1-0"]
[WhiteElo "2379"]
[BlackElo "2167"]
[PlyCount "95"]
[EventDate "2009.??.??"]

1. e4 c5 2. Nf3 d6 3. d4 cxd4 4. Nxd4 Nf6 5. Nc3 g6 6. Be2 Bg7 7. O-O O-O 8.
Be3 Nc6 9. Qd2 Bd7 10. f3 Rc8 11. Rfd1 a6 12. a4 Ne5 13. a5 Nc4 14. Bxc4 Rxc4
15. b3 Rc8 16. Nde2 Be6 17. Na4 Nd7 18. Rac1 Qe8 19. Nd4 Ne5 20. Nb6 Rd8 21. c4
Nc6 22. b4 Bd7 23. Nb3 f5 24. Nxd7 Qxd7 25. Bb6 Rde8 26. b5 axb5 27. cxb5 Ne5
28. Rc7 Qxb5 29. Qa2 Kh8 30. exf5 gxf5 31. Nd4 Qa6 32. Qd5 Nc6 33. Nxc6 bxc6
34. Qxc6 Rg8 35. Qc4 Qa8 36. Ra7 Qb8 37. Qc7 Bf6 38. a6 Rc8 39. Qxb8 Rxb8 40.
Bf2 Ra8 41. Rxa8 Rxa8 42. a7 Be5 43. Rd5 e6 44. Rb5 d5 45. Rb7 d4 46. f4 Bd6
47. Bxd4+ Kg8 48. Rg7+ 1-0

[Event "British Championship"]
[Site "?"]
[Date "2009.08.06"]
[Round "10.11"]
[White "Arkell, Keith C"]
[Black "Eggleston, David"]
[Result "1-0"]
[WhiteElo "2521"]
[BlackElo "2341"]
[PlyCount "81"]
[EventDate "2009.??.??"]

1. d4 Nf6 2. Nf3 e6 3. c4 Bb4+ 4. Bd2 Qe7 5. g3 Nc6 6. Nc3 Bxc3 7. Bxc3 Ne4 8.
Rc1 d6 9. d5 Nxc3 10. Rxc3 Nb8 11. dxe6 fxe6 12. Bg2 Nd7 13. Nd4 Nf6 14. O-O
O-O 15. Qd2 e5 16. Nc2 Be6 17. Ne3 c6 18. Rd3 Rad8 19. Rd1 Ne8 20. Qc3 Qc7 21.
b4 a6 22. a4 Rf7 23. Qb2 Rfd7 24. Rc3 Qb8 25. b5 axb5 26. cxb5 cxb5 27. Qxb5
Nf6 28. Nd5 Bxd5 29. Bxd5+ Nxd5 30. Qxd5+ Kh8 31. Rb1 Rc8 32. Rcb3 Rcc7 33. Rb6
h6 34. R1b5 Kh7 35. h4 Qa8 36. a5 Qd8 37. Kg2 Qe7 38. h5 Kh8 39. Qe4 Kg8 40.
Qg6 Qf6 41. a6 1-0

[Event "British Championship"]
[Site "?"]
[Date "2009.08.06"]
[Round "10.12"]
[White "Gavriel, Tryfon"]
[Black "Cobb, James"]
[Result "0-1"]
[WhiteElo "2138"]
[BlackElo "2432"]
[PlyCount "72"]
[EventDate "2009.??.??"]

1. e4 e5 2. Nc3 Bc5 3. Nf3 d6 4. Na4 Qe7 5. Nxc5 dxc5 6. b4 Nf6 7. Bb2 Bg4 8.
h3 Bxf3 9. Qxf3 O-O 10. b5 Nbd7 11. g4 Rfd8 12. g5 Ne8 13. h4 Nd6 14. O-O-O a6
15. bxa6 b5 16. Qa3 Ra7 17. f4 Rda8 18. fxe5 Nc4 19. Bxc4 bxc4 20. g6 Rxa6 21.
gxf7+ Qxf7 22. Qc3 Qe6 23. a3 Rb8 24. d3 Qh6+ 25. Qd2 Qxd2+ 26. Rxd2 Rab6 27.
c3 Nxe5 28. d4 Rxb2 29. Rxb2 Nd3+ 30. Kd2 Rxb2+ 31. Ke3 Ra2 32. dxc5 Nxc5 33.
Kd4 Ne6+ 34. Ke5 Kf7 35. h5 Rxa3 36. h6 Ra5# 0-1

[Event "British Championship"]
[Site "?"]
[Date "2009.08.06"]
[Round "10.13"]
[White "Houska, Jovanka"]
[Black "White, Michael"]
[Result "1-0"]
[WhiteElo "2392"]
[BlackElo "2259"]
[PlyCount "141"]
[EventDate "2009.??.??"]

1. d4 Nf6 2. Nf3 g6 3. c4 Bg7 4. g3 c5 5. Nc3 cxd4 6. Nxd4 O-O 7. Bg2 Qc7 8.
Nd5 Nxd5 9. cxd5 Qa5+ 10. Bd2 Qb6 11. Bc3 e5 12. Nb3 d6 13. O-O Bd7 14. Qd2 Rc8
15. Rfc1 Na6 16. Ba5 Qb5 17. Qe3 b6 18. Bc3 Bg4 19. Re1 Nc5 20. Nxc5 bxc5 21.
a4 Qd7 22. b4 cxb4 23. Bxb4 a5 24. Bd2 Rc5 25. Reb1 Rac8 26. h4 f5 27. Rb5 f4
28. Qb3 Bxe2 29. Rb7 Qg4 30. Kh2 Bc4 31. Qb6 Bxd5 32. Bxd5+ Rxd5 33. Rxg7+ Kxg7
34. Qb7+ Kh6 35. Qxd5 Qe2 36. Kg1 Rc2 37. Ra2 Rxa2 38. Qxa2 Kh5 39. Qd5 fxg3
40. fxg3 Qd1+ 41. Kh2 Qxa4 42. Bxa5 Qc2+ 43. Bd2 Qd1 44. Qd3 Qg4 45. Kg2 h6 46.
Be3 e4 47. Qd5+ Qf5 48. Qd1+ Qg4 49. Qxg4+ Kxg4 50. Bxh6 d5 51. Be3 Kf5 52. Bd4
Kg4 53. Kf2 g5 54. hxg5 Kxg5 55. Kg1 Kg4 56. Kg2 Kf5 57. Kh3 Kg5 58. Bb6 Kf5
59. Kh4 Ke5 60. Bc7+ Ke6 61. g4 d4 62. Bb6 Ke5 63. g5 e3 64. g6 e2 65. Ba5 Kf6
66. Kh5 Kg7 67. Kg5 Kg8 68. Kh6 Kh8 69. g7+ Kg8 70. Bd2 d3 71. Be1 1-0

[Event "British Championship"]
[Site "?"]
[Date "2009.08.06"]
[Round "10.14"]
[White "Cumbers, Paul"]
[Black "Storey, Charles"]
[Result "0-1"]
[WhiteElo "2207"]
[BlackElo "2279"]
[PlyCount "84"]
[EventDate "2009.??.??"]

1. d4 g6 2. c4 Bg7 3. e4 c5 4. d5 e5 5. Nc3 d6 6. Bd3 Ne7 7. h4 h5 8. Nge2 Nd7
9. Nb5 Nf6 10. b4 a6 11. Qa4 O-O 12. bxc5 Bd7 13. cxd6 Nf5 14. Qb3 axb5 15. c5
Qa5+ 16. Bd2 Qa3 17. O-O Nxh4 18. Bg5 Nxg2 19. Kxg2 Qxc5 20. Bd2 Ra3 21. Qc2
Bh3+ 22. Kg1 Qxd6 23. Rfe1 Rc8 24. Qb1 Nxd5 25. Kh2 Bd7 26. exd5 e4+ 27. Bf4
Be5 28. Bxe5 Qxe5+ 29. Ng3 h4 30. Re3 hxg3+ 31. Kg2 Rxd3 32. Qxd3 Qxa1 33. Rxe4
Bf5 34. d6 gxf2 35. d7 Qg1+ 36. Kf3 f1=Q+ 37. Qxf1 Qxf1+ 38. Kg3 Rc3+ 39. Kh4
Rh3+ 40. Kg5 Rh5+ 41. Kf6 Bxe4+ 42. Ke7 Re5+ 0-1

[Event "British Championship"]
[Site "?"]
[Date "2009.08.06"]
[Round "10.15"]
[White "Ynojosa, Felix Jose"]
[Black "Constantinou, Peter"]
[Result "0-1"]
[WhiteElo "2188"]
[BlackElo "2264"]
[PlyCount "152"]
[EventDate "2009.??.??"]

1. e4 g6 2. d4 Bg7 3. c3 d6 4. Bd3 Nf6 5. Ne2 O-O 6. O-O Nbd7 7. Nd2 e5 8. f4
exd4 9. cxd4 c5 10. d5 Re8 11. Nc3 Nh5 12. g4 Nhf6 13. g5 Nh5 14. Be2 Bd4+ 15.
Kh1 Ng7 16. Nb5 Qe7 17. Nc7 Nb6 18. Nxa8 Nxa8 19. Nb3 Qxe4+ 20. Bf3 Bg4 21.
Nxd4 cxd4 22. Bxe4 Bxd1 23. Bd3 Be2 24. Bxe2 Rxe2 25. Rd1 Nf5 26. Bd2 Nb6 27.
Rac1 Nxd5 28. Rc8+ Kg7 29. a3 Nh4 30. Be1 Ne3 31. Rb1 Nf3 32. Bg3 d3 33. Re8 d5
34. Rxe3 Rxe3 35. Rd1 d2 36. Kg2 Kf8 37. Bf2 Re1 38. Rxd2 Nxd2 39. Bxe1 Ne4 40.
Kf3 Ke7 41. Ke3 Ke6 42. h3 b6 43. Kd4 Nd6 44. a4 Nf5+ 45. Kd3 Kd6 46. Bb4+ Kc6
47. Bc3 b5 48. a5 Kc5 49. b4+ Kc6 50. Be1 a6 51. Bc3 h6 52. h4 h5 53. Be1 Kd6
54. Bf2 Ke6 55. Be1 Ne7 56. Kd4 Kd6 57. Kd3 Nc6 58. f5 gxf5 59. Ke3 Ke6 60. Kf4
Ne7 61. Ke3 Nc6 62. Kf4 d4 63. Bf2 Nxb4 64. Bxd4 Nc6 65. Bb6 b4 66. Ke3 Kd5 67.
Kd3 Ne5+ 68. Kc2 Kc4 69. Bc7 b3+ 70. Kb2 Ng6 71. Bg3 f4 72. Bh2 f3 73. Bg3 Nf4
74. Bxf4 f2 75. g6 fxg6 76. Be3 f1=Q 0-1

[Event "British Championship"]
[Site "?"]
[Date "2009.08.06"]
[Round "10.16"]
[White "Sugden, John N"]
[Black "Birtwistle, Nigel"]
[Result "1/2-1/2"]
[WhiteElo "2217"]
[BlackElo "2186"]
[PlyCount "72"]
[EventDate "2009.??.??"]

1. e4 d5 2. exd5 Qxd5 3. Nf3 Nf6 4. d4 Bf5 5. Nc3 Qa5 6. Be2 e6 7. Bd2 c6 8.
Ne4 Qc7 9. Ng3 Bg6 10. Ne5 Nbd7 11. f4 Qb6 12. Bc3 Nxe5 13. fxe5 Nd5 14. Qd2
Bb4 15. O-O Bxc3 16. bxc3 Qa5 17. Rf3 Rd8 18. Bd3 O-O 19. Ne4 Bxe4 20. Bxe4 f5
21. exf6 Nxf6 22. Bd3 Kh8 23. Bc4 Ne4 24. Rxf8+ Rxf8 25. Qe3 Qxc3 26. Qxc3 Nxc3
27. Re1 Re8 28. Re3 Nd5 29. Bxd5 cxd5 30. Rc3 h6 31. Rc7 Rb8 32. Re7 Kh7 33.
Rxe6 Rc8 34. Re7 Rxc2 35. Rxb7 Rxa2 36. Rb5 a5 1/2-1/2

[Event "British Championship"]
[Site "?"]
[Date "2009.08.06"]
[Round "10.17"]
[White "Khandelwal, Ankush"]
[Black "Kolbus, Dietmar"]
[Result "1-0"]
[WhiteElo "2160"]
[BlackElo "2383"]
[PlyCount "77"]
[EventDate "2009.??.??"]

1. f4 d5 2. Nf3 g6 3. g3 Bg7 4. Bg2 Nf6 5. O-O O-O 6. d3 c6 7. Kh1 Nbd7 8. Qe1
Qc7 9. e4 dxe4 10. dxe4 Nb6 11. h3 Be6 12. Nc3 Bc4 13. Rg1 Nfd7 14. b3 Ba6 15.
g4 Rfe8 16. e5 Nf8 17. Ne4 Nbd7 18. Bb2 f6 19. Qh4 fxe5 20. f5 Be2 21. Nfd2 Nf6
22. Ng3 Ba6 23. g5 Nd5 24. c4 Nf4 25. f6 Bh8 26. Raf1 exf6 27. gxf6 N8e6 28.
Nge4 Nd8 29. Ng5 Bxf6 30. Rxf4 Bxg5 31. Qxg5 exf4 32. Qf6 Re7 33. Qh8+ Kf7 34.
Ne4 Qa5 35. b4 Qh5 36. Nd6+ Ke6 37. Re1+ Kxd6 38. Qd4+ Qd5 39. Qxf4+ 1-0

[Event "British Championship"]
[Site "?"]
[Date "2009.08.06"]
[Round "10.18"]
[White "Mueller, Jan"]
[Black "Lalic, Susan"]
[Result "1-0"]
[WhiteElo "2149"]
[BlackElo "2334"]
[PlyCount "79"]
[EventDate "2009.??.??"]

1. d4 Nf6 2. Bg5 d5 3. Nc3 e6 4. Nf3 Be7 5. Bxf6 gxf6 6. e4 c6 7. Qd2 Qa5 8.
Bd3 Nd7 9. O-O h5 10. exd5 cxd5 11. Qf4 a6 12. Qg3 Kf8 13. Rfe1 Qd8 14. a4 Nb8
15. Ne2 Nc6 16. c3 Bd6 17. Qh4 Bd7 18. b4 Rh6 19. Nf4 f5 20. Ng5 Qf6 21. Nh7+
Rxh7 22. Qxf6 Bxf4 23. Qh4 Bd2 24. b5 Ne7 25. Re2 Ng6 26. Qg3 Bf4 27. Qf3 axb5
28. g3 Bd6 29. Bxf5 exf5 30. Qxd5 Be6 31. Qxd6+ Kg7 32. d5 Ra6 33. Qc5 Bd7 34.
Qd4+ Kh6 35. h4 Rh8 36. c4 bxc4 37. Qxc4 Rc8 38. Qd4 Ra5 39. Qd2+ Kh7 40. Qxa5
1-0

[Event "British Championship"]
[Site "?"]
[Date "2009.08.06"]
[Round "10.19"]
[White "Hanley, James L"]
[Black "Eden, Tomer"]
[Result "1-0"]
[WhiteElo "2277"]
[BlackElo "2157"]
[PlyCount "105"]
[EventDate "2009.??.??"]

1. e4 c6 2. d4 d5 3. e5 Bf5 4. Be3 e6 5. Nd2 Nd7 6. Be2 Qb6 7. Qc1 Bg6 8. Ngf3
f6 9. Nh4 Bf7 10. exf6 Ngxf6 11. c4 Be7 12. O-O Ng4 13. Bxg4 Bxh4 14. c5 Qd8
15. Nf3 h6 16. Re1 O-O 17. a4 Bf6 18. Bf4 Re8 19. Ne5 Nxe5 20. Bxe5 Bg6 21. Qf4
Bg5 22. Qg3 Bf5 23. Bxf5 exf5 24. f4 Bf6 25. Qg6 Bxe5 26. Rxe5 Rxe5 27. fxe5
Qh4 28. Rd1 Qe4 29. Qh5 Rf8 30. Qf3 Qxf3 31. gxf3 f4 32. b4 a6 33. Rb1 Ra8 34.
h4 h5 35. Kf2 Kf7 36. Ke2 g6 37. b5 axb5 38. axb5 Ra2+ 39. Kd3 Ra3+ 40. Kd2
Ra2+ 41. Kc3 Ra3+ 42. Kb4 Rxf3 43. Ka5 cxb5 44. Kb6 Rd3 45. Kxb7 Rxd4 46. Rc1
Rc4 47. Rxc4 dxc4 48. c6 f3 49. c7 f2 50. c8=Q f1=Q 51. e6+ Kg7 52. Qd7+ Kh6
53. e7 1-0

[Event "British Championship"]
[Site "?"]
[Date "2009.08.06"]
[Round "10.20"]
[White "Shaw, Peter"]
[Black "Briscoe, Christopher"]
[Result "1/2-1/2"]
[WhiteElo "2123"]
[BlackElo "2268"]
[PlyCount "98"]
[EventDate "2009.??.??"]

1. d4 Nf6 2. c4 e6 3. Nc3 Bb4 4. Qc2 O-O 5. a3 Bxc3+ 6. Qxc3 b6 7. Bg5 Bb7 8.
f3 h6 9. Bh4 d5 10. e3 Nbd7 11. cxd5 Nxd5 12. Bxd8 Nxc3 13. Bh4 Nd5 14. Bf2 c5
15. e4 Nf4 16. Bb5 Rad8 17. Ne2 Nxg2+ 18. Kf1 f5 19. Kxg2 fxe4 20. Kh3 exf3 21.
Ng3 Nf6 22. Bc4 Bc8 23. Rhe1 Nd5 24. Nh1 e5+ 25. Kg3 exd4 26. Re5 Bb7 27. Re7
Bc6 28. Rae1 b5 29. Bxd5+ Rxd5 30. R1e5 Rfd8 31. Rxd5 Rxd5 32. h4 d3 33. Re1 a5
34. Be3 Re5 35. Kf2 b4 36. Ng3 c4 37. axb4 axb4 38. Bd2 Rxe1 39. Bxe1 c3 40.
bxc3 b3 41. Nf1 b2 42. Nd2 Bd5 43. Ke3 Bc4 44. Kd4 Ba2 45. Kxd3 b1=Q+ 46. Nxb1
Bxb1+ 47. Ke3 Kf7 48. Kxf3 Kf6 49. Kf4 Bd3 1/2-1/2

[Event "British Championship"]
[Site "?"]
[Date "2009.08.06"]
[Round "10.21"]
[White "Addison, Bret"]
[Black "Raoof, Adam"]
[Result "1-0"]
[WhiteElo "2266"]
[BlackElo "2144"]
[PlyCount "77"]
[EventDate "2009.??.??"]

1. d4 e6 2. c4 f5 3. g3 Nf6 4. Bg2 Be7 5. Nf3 d6 6. O-O O-O 7. Nc3 a5 8. Re1
Ne4 9. Qc2 Nxc3 10. bxc3 Bf6 11. e4 fxe4 12. Qxe4 Re8 13. Bf4 Nd7 14. Rad1 Nf8
15. c5 Qd7 16. h4 h6 17. c4 Ra6 18. cxd6 cxd6 19. c5 dxc5 20. dxc5 Qc6 21. Bd6
Qxe4 22. Rxe4 Bd7 23. Ne5 Bxe5 24. Rxe5 Bc6 25. Bf1 Nd7 26. Re3 Raa8 27. Bc4
Bd5 28. Rxd5 exd5 29. Bxd5+ Kh8 30. Bxb7 Rxe3 31. fxe3 Rd8 32. e4 Nxc5 33. Bxc5
Rd2 34. Bd5 g5 35. hxg5 hxg5 36. Be3 Rd3 37. Kf2 g4 38. Ke2 Ra3 39. Bb3 1-0

[Event "British Championship"]
[Site "?"]
[Date "2009.08.06"]
[Round "10.22"]
[White "Ross, Chris"]
[Black "Griffiths, Ryan-Rhys"]
[Result "1-0"]
[WhiteElo "2203"]
[BlackElo "2137"]
[PlyCount "73"]
[EventDate "2009.??.??"]

1. e4 c5 2. Nf3 a6 3. c3 d5 4. exd5 Nf6 5. d4 cxd4 6. cxd4 Nxd5 7. Nc3 Nc6 8.
Qb3 Nxc3 9. bxc3 e6 10. Bd3 Qc7 11. O-O Bd6 12. c4 O-O 13. Bb2 b6 14. Rac1 Bf4
15. d5 Ne7 16. Qc2 Ng6 17. Rcd1 Rd8 18. Qc3 f6 19. Qb3 Kh8 20. Rfe1 Nf8 21. Be4
Rb8 22. Nd4 Bd7 23. Ba3 Bxh2+ 24. Kh1 f5 25. Bb1 Be5 26. dxe6 Nxe6 27. Nxf5 Nc5
28. Qe3 Bf6 29. Bc1 Re8 30. Qf3 Bc6 31. Qg4 Rbd8 32. Rxe8+ Rxe8 33. Bf4 Be5 34.
Nd6 Bxf4 35. Nxe8 Bxe8 36. Qf5 g5 37. Qf8# 1-0

[Event "British Championship"]
[Site "?"]
[Date "2009.08.06"]
[Round "10.23"]
[White "Varnam, Liam"]
[Black "Salimbeni, George"]
[Result "0-1"]
[WhiteElo "2167"]
[BlackElo "2115"]
[PlyCount "84"]
[EventDate "2009.??.??"]

1. e4 e5 2. Nf3 Nc6 3. Bc4 Bc5 4. d3 Nf6 5. O-O a6 6. a4 h6 7. c3 Ba7 8. Re1
O-O 9. h3 d6 10. b4 Re8 11. Ba3 Be6 12. Bxe6 Rxe6 13. b5 axb5 14. axb5 Ne7 15.
Nbd2 Ng6 16. g3 Re8 17. d4 Qd7 18. Kg2 Qxb5 19. c4 Qd7 20. d5 h5 21. Qb1 h4 22.
Ng5 Bd4 23. Bb2 Rxa1 24. Qxa1 Bb6 25. Qa3 Bc5 26. Qb3 c6 27. Ra1 cxd5 28. cxd5
b5 29. Ra5 Rb8 30. Ndf3 Qb7 31. Ra2 Qb6 32. Bc3 b4 33. Ba1 Nh5 34. Ne1 Nf6 35.
Nd3 Bd4 36. Bb2 Bxb2 37. Rxb2 Qd4 38. Nxb4 Nxe4 39. Nf3 Qc5 40. Qa4 hxg3 41.
fxg3 Ne7 42. Qd7 Nxd5 0-1